00756nam a22002177a 450000500170000001000130001702000220003003500130005203700160006504000120008108200170009310000260011024500720013626000680020827000250027630000210030165000450032294200260036799900190039395201260041220170124110246.0 aB-108019 c50.00a8170586259 aB-108019 bCen Lib/Ret aDPLbEN a181.499bAUR aAurobindo, Sri912069 aThe aims and ideals of the Sri Aurobindo Ashram /cby Sri Aurobindo bSri Aurobindo Ashram Publication DepartmentaPondicherry c2004 bPondicherry e605002 a93p. c18cm(pbk) aSri Aurobindo -- aims and ideals 997472 2ddccENh181.499mAUR c135511d135511 00104070aLbLd2015-10-06eCen Lib/Retg50.00l0o181.499 AURpB-108019r2015-10-06 00:00:00t1v50.00w2015-10-06yEN